Quartiere Stadt Zürich - Statistiken

Allgemein
  • Dieses Quiz wurde 74 mal gespielt
  • Das Durchschnittsergebnis liegt bei 12 aus 22
Antwortstatistiken
Hint Antwort % Korrekt
Örlikon
80%
9 Altstetten
76%
Seebach
72%
3 Wiedikon
72%
10 Höngg
70%
11 Affoltern
69%
2 Enge
65%
12 Schwammendingen
63%
6 Unterstrass
56%
Wollishofen
56%
Albisrieden
54%
Oberstrass
54%
Wipkingen
50%
1 Altstadt
48%
4 Aussersihl
44%
7 Fluntern
43%
Witikon
43%
Hottingen
41%
Leimbach
39%
5 Industriequartier
35%
Hirslanden
24%
8 Riesbach
22%
Keine übereinstimmenden Quizze gefunden
Verteilung der Resultate
Anzahl Personen mit jedem Resultat
Perzentil nach korrekt beantworteten Fragen
Ihre Resultats-Entwicklung
Sie haben dieses Quiz noch nicht gespielt